Christopher Isherwood /

Guardat en:
Dades bibliogràfiques
Autor principal: Wade, Stephen (Autor)
Format: Llibre
Idioma:anglès
Publicat: London : Macmillan, 1991
Col·lecció:Macmillan modern novelists
Etiquetes: Afegir etiqueta
Sense etiquetes, Sigues el primer a etiquetar aquest registre!

MARC

LEADER 00000nam a22000007i 4500
001 IT\ICCU\MIL\0161134
003 ItRI
005 20260115231816.0
008 930524s1991 xxk|||||| ||||| |||||c
020 |a 0333517091 
040 |b ita  |c importazione bologna sebina 
041 7 |a eng  |2 ISO-639-2 
100 1 |a Wade, Stephen  |0 IT\ICCU\MILV\101844  |4 aut 
245 1 0 |a Christopher Isherwood /  |c Stephen Wade. 
260 |a London :  |b Macmillan,  |c 1991 
300 |a X, 126 p. ;  |c 22 cm. 
830 0 |a Macmillan modern novelists  |0 IT\ICCU\MIL\0192176 
942 |2 ddc  |c BK  |n 0 
952 |0 0  |1 0  |4 0  |6 DOC_820_992000000000000_WAD  |7 0  |9 13139  |a BO  |b BO  |d 2026-01-15  |i 2946  |l 0  |o DOC 820.992 WAD  |p BO2946  |r 2026-01-15 23:18:16  |w 2026-01-15  |x [Sebina 5] [1 v.]  |y BK  |z 1 v. 
999 |c 11266  |d 11266